Countries with White on their Flag - Sudden Death - Statistics

General Stats
  • This quiz has been taken 52 times
  • The average score is 9 of 15
Answers on the Grid
Answers color-coded by a green-red scale on the quiz's grid according to % correct below.
North Macedonia
Republic of the Congo
Ethiopia
Bangladesh
Oman
Kiribati
Madagascar
Sweden
Argentina
Palau
Belarus
Albania
Azerbaijan
Trinidad and Tobago
Zambia
Mali
Greece
Turkmenistan
Japan
Jamaica
Bahamas
Yemen
Gambia
Burkina Faso
Bahrain
Cyprus
Tanzania
Mongolia
Liberia
Belgium
 
Answer Stats
Answer % Correct
Greece
85%
Japan
83%
Argentina
78%
Cyprus
76%
Madagascar
66%
Bahrain
63%
Liberia
63%
Oman
61%
Yemen
54%
Belarus
51%
Kiribati
49%
Gambia
41%
Trinidad and Tobago
41%
Azerbaijan
37%
Turkmenistan
29%
No matching quizzes found
Score Distribution
Percent of People with Each Score
Percentile by Number Answered
Your Score History
You have not taken this quiz